Szczegóły MARC21

Oddziaływanie integracji ze strukturami Unii Europejskiej na procesyglobalizacji polskiego rynku usług łączności : konf. nauk. Szczecin -Świnoujście, 25-26.X.2000 /

005 -DATA I CZAS OSTATNIEJ MODYFIKACJI [,]
    • @
    • pole kontrolne
    • 20070315155141.9
020 -Międzynarod. znormalizowany nr książki - ISBN [ , ]
    • a
    • Numer ISBN
    • 8391064174 Find
040 -Instytucja sporządzająca opis [ , ]
    • a
    • Instytucja, która sporządziła opis (NP)
    • SZCZ U
    • c
    • Instytucja, która sporządziła rekord (NP)
    • SZCZ U
041 -Język dokumentu [0, ]
    • a
    • Język tekstu (P)
    • polski
    • h
    • Język tekstu oryginalnego i/lub pośredniego (P)
    • polski
942 -Rodzaj dokumentu [ , ]
    • c
    • Rodzaj dokumentu
    • Książka
245 -Strefa tytułu i oznaczenia odpowiedzialności [0, ]
    • a
    • Tytuł
    • Oddziaływanie integracji ze strukturami Unii Europejskiej na procesyglobalizacji polskiego rynku usług łączności : Find
    • b
    • Ciąg dalszy tytułu (NP)
    • konf. nauk. Szczecin -Świnoujście, 25-26.X.2000 / Find
    • c
    • Pozostałe elementy strefy tytułu i oznaczenia odpowiedzialności (NP)
    • [aut.Joanna Drobiazgiewicz i in.] ; Katedra Polityki Gospodarczej Łączności, Katedra Ekonomiki i Organizacji Telekomunik. US.
260 -Strefa adresu wydawniczego [ , ]
    • a
    • Miejsce wydania (P)
    • Szczecin :
    • b
    • Nazwa wydawcy (P)
    • Fund.na Rzecz Uniw.Szczecińskiego,
    • c
    • Data wydania (P)
    • 2000.
300 -Strefa opisu fizycznego [ , ]
    • a
    • Określenie formy książki i/lub objętość (NP)
    • 183 s. :
    • b
    • Oznaczenie ilustracji (NP)
    • rys. :
    • c
    • Format (NP)
    • 24 cm.
500 -Uwaga ogólna [ , ]
    • a
    • Uwaga ogólna (NP)
    • Bibliogr
080 -Uniwersalna Klasyfikacja Dziesiętna [ , ]
    • a
    • Symbol klasyfikacji
    • 656.8(438:4-67)(061)
080 -Uniwersalna Klasyfikacja Dziesiętna [ , ]
    • a
    • Symbol klasyfikacji
    • :004.773.3(438:4-67)(061)
080 -Uniwersalna Klasyfikacja Dziesiętna [ , ]
    • a
    • Symbol klasyfikacji
    • :339.923(438:4-67)(061)
980 -Symbol UKD [ , ]
    • a
    • UKD
    • 656.8:004.773.3:339.923](438:4-67)(061)
700 -Hasło dodatkowe - nazwa osobowa [ , ]
    • a
    • Nazwa osobowa (NP)
    • Drobiazgiewicz Joanna Find
920 -ISBN [ , ]
    • a
    • ISBN
    • 83-910641-7-4 Find
Status udost. Numer inwentarzowy Sygnatura Data inwentaryzacji Lokalizacja
-2E.68402 2002-10-23BE
-2T.7384T.73842003-05-13T
-3TM.6403 2009-02-24T